000 01048nmm a2200313 a 4500
001 ocm000584482
003 TR-IsHL
005 20201028120639.0
008 130627s2005 tu tur
007 cr cn
020 _a9789755129815
035 _a584482
_b(N$T)
050 0 4 _aHD2346.T9
_bK635 2005
090 0 4 _aHD2346.T9
_bK635 2005
245 1 0 _aKOBİ'lerde rekabet ve verimlilik, seminer, 9.5.2005
_h[electronic resource]
250 _a1. bs.
260 _aİstanbul :
_bİstanbul Ticaret Odası,
_c2005
300 _a98 p.
650 4 _aEkonomi ve Finans
650 4 _aEconomics and Finance
650 0 _aKüçük işletmeler
_x Türkiye
_x Kongreler
650 0 _aSmall business
_x Turkey
_x Congresses
650 0 _aRekabet
_x Kongreler
650 0 _aCompetition
_x Congresses
650 0 _aEndüstriyel verimlilik
650 0 _aIndustrial management
650 7 _aBUSINESS & ECONOMICS / Small Business
_2bisacsh
856 4 0 _uhttp://search.ebscohost.com/login.aspx?direct=true&scope=site&db=e011xww&AN=584482
999 _c898
_d898